| 000 | 00878nam a2200217Ia 4500 | ||
|---|---|---|---|
| 999 |
_c40118 _d40118 |
||
| 001 | 6724 | ||
| 003 | GE_BSU | ||
| 005 | 20191217121544.0 | ||
| 008 | 181216s1961||||ge |||||||||||||| ||geo|| | ||
| 040 | _cGE_BSU | ||
| 041 | _ageo | ||
| 080 | _a821.353.1-1 გ-30 | ||
| 100 |
_aგელაძე, ლევან _95816 |
||
| 245 |
_aმზე მამულში : _bლექსები და პოემები / _cლევან გელაძე ; რედ. ნ. ნოღაიდელი. |
||
| 264 |
_aბათუმი : _bსახელმწიფო გამომცემლობა, _c1961. |
||
| 300 |
_a202 გვ. ; _c20 სმ. |
||
| 653 | _aლექსები და პოემები | ||
| 653 | _aმზე მამულში | ||
| 700 |
_aნოღაიდელი, ნ. _eრედაქტორი _95817 |
||
| 942 |
_cBK _2udc |
||